000 01079nam a22002537a 4500
005 20170124103009.0
010 _aA-717192
020 _c90.00
_a8170162408
035 _aA-717192
037 _bCen Lib/Ret
040 _aDPL
_bHN
082 _a
_bगिरिरा
100 _aगिरिराज किशोर
_956990
245 _aआन्द्रे की प्रेमिका तथा अन्य कहानियाँ /
_cगिरिराज किशोर
246 _aAandre ki premika tatha any kahaniyan /
_bby Giriraj Kishore
260 _aनयी दिल्ली
_bकिताबघर
_c1995
270 _a24, अंसारी रोड, दरियागंज
_bनयी दिल्ली
_e110002
300 _a176पृ.
_c20सेमी (सजिल्द)
650 _aहिन्दी -- साहित्य
_956991
650 _aहिन्दी -- कहानी
_9779
650 _aHindi -- Literature
_956992
650 _aHindi -- story
_943117
942 _2ddc
_cHN
_h
_mगिरिरा
999 _c114484
_d114484